Polskie Województwa Należące do Danej Kategorii - Statystyki

Ogólne statystyki
  • Ten quiz został rozwiązany 291 razy
  • Średni wynik to 10 z 12
Statystyki odpowiedzi
Polskie województwo... Wszystkie odpowiedzi Odpowiedź % Poprawnych
leżące nad morzem. pomorskie / warmińsko-mazurskie / zachodniopomorskie Pomorskie, warmińsko-mazurskie, ...
100%
przez które przepływa Wisła. kujawsko-pomorskie / lubelskie / małopolskie / mazowieckie / podkarpackie / pomorskie / śląskie / świętokrzyskie Kujawsko-pomorskie, lubelskie, ...
98%
nie graniczące z innym państwem. kujawsko-pomorskie / łódzkie / mazowieckie / świętokrzyskie / wielkopolskie Kujawsko-pomorskie, łódzkie, ...
95%
którego najwyższy szczyt ma więcej niż 1000 metrów n.p.m. dolnośląskie / małopolskie / podkarpackie / śląskie Dolnośląskie, małopolskie, ...
90%
graniczące ze Słowacją. małopolskie / podkarpackie / śląskie Małopolskie, podkarpackie, ...
90%
w którym nie gra żadna drużyna piłkarskiej ekstraklasy. kujawsko-pomorskie / lubelskie / lubuskie / opolskie / warmińsko-mazurskie Kujawsko-pomorskie, lubelskie, ...
88%
bez portu lotniczego. opolskie / podlaskie / świętokrzyskie Opolskie, podlaskie, ...
86%
bez parku narodowego. kujawsko-pomorskie / łódzkie / opolskie / śląskie / warmińsko-mazurskie Kujawsko-pomorskie, łódzkie, ...
84%
bez obiektu wpisanego na listę światowego dziedzictwa UNESCO. łódzkie / opolskie / warmińsko-mazurskie / wielkopolskie / zachodniopomorskie Łódzkie, opolskie, ...
79%
którego powierzchnia w ponad 35% jest zajęta przez lasy. lubuskie / podkarpackie / pomorskie / zachodniopomorskie Lubuskie, podkarpackie, ...
76%
w którym najpopularniejszym imieniem dla dziewczynek, w 2020 roku, była "Zofia". mazowieckie / pomorskie / wielkopolskie Mazowieckie, Pomorskie, ...
67%
z którego tablice rejestracyjne pojazdów zaczynają się na jedną z 6 pierwszych liter alfabetu. dolnośląskie / kujawsko-pomorskie / podlaskie Dolnośląskie, kujawsko-pomorskie, ...
66%
Nie znaleziono quizów pasujących do podanych kryteriów
Rozkład punktacji
Procent ludzi z każdym wynikiem
Percentyl według liczby udzielonych odpowiedzi
Twoja historia wyników
Nie rozwiązałeś tego quizu